Представление документа в формате RUSMARC

ПолеНазваниеЗначение
  Тип записи a
  Библиографический уровень m
001 Контрольный номер UONB/MAIN/2fbfe4cfad5148e1b88a662a6a6e8041
005 Дата корректировки 20260413115001.2
100 Данные общей обработки __
a Данные общей обработки 20260413g1903 u y0rusy0189 ca
101 Язык документа 1_
a Язык текста rus
c Язык оригинала ger
102 Страна публикации __
a Страна публикации RU
105 Кодированные данные (монография) __
a Кодированные данные (монография) a z 001yy
200 Заглавие и сведения об ответственности 1_
a Заглавие Мир растений
f Первые сведения об ответственности К. Шуман, Э. Гильг
g Последующие сведения об ответственности перевод с немецкого приват-доцента А. А. Рихтера, хранителя ботанического кабинета Санкт-Петербургского университета
e Сведения, относящиеся к заглавию в 4 выпусках
203 Вид содержания и тип средства __
a Вид содержания Текст
b Характеристика содержания визуальный
c Тип средства непосредственный
210 Выходные данные 1_
a Место издания Санкт-Петербург
c Издательство Издание Брокгауз-Ефрона
d Дата издания 1903-1905
215 Физическое описание __
d Формат 26 см
225 Серия 1_
a Серия Библиотека естествознания
f Сведения об ответственности под редакцией П. И. Броунова, В. А. Фаусека
700 Автор _1
a Фамилия Шуман
b Имя (инициалы) К. М.
g Полное личное имя Карл Мориц
f Даты 1851-1904
701 Альтернативная интеллектуальная ответственность _1
a Фамилия Гильг
b Имя (инициалы) Э. Ф.
g Полное личное имя Эрнст Фридрих
f Даты 1867-
702 Вторичная интеллектуальная ответственность _1
a Фамилия Рихтер
b Имя (инициалы) А. А.
4 Код отношения 730
c Титул (звания) физиолог растений
g Полное личное имя Андрей Александрович
f Даты 1871-1947
801 Источник записи _0
a Страна RU
b Организация Ульяновская ОНБ
c Дата составления 20260413
g Правила каталогизации RCR
801 Источник записи _1
a Страна RU
b Организация Ульяновская ОНБ
c Дата составления 20260413
g Правила каталогизации RCR
901 Тип документа __
t Тип документа v
909 Создатель записи __
a Создатель записи Горбункова
b Дата создания записи 20260413